00478nab a22001577a 4500003000400000005001700004008004100021040000700062100002400069245005000093300001500143650002300158773011100181942001300292999001500305OSt20190322102302.0190322b xxu||||| |||| 00| 0 spa d cPJ 92798aCreus, Carlos10aGarantismo vs. funcionalismo /cCarlos Creus. ap. 609-623 09343aDERECHO PENAL0 0247793055dBuenos Aires : Ediciones del Puerto, 1997.oPP4946tNueva doctrina penal. 1997-B /z9879120167 2udccANA c2520d2520